Statistics for 2017/18 Top 10 GK in the World

Click here to take the quiz!

General Stats

  • This quiz has been taken 25 times
  • The average score is 7 of 10

Answer Stats

RankPlayer% Correct
2David De Gea
100%
1Manuel Neuer
95%
6Thibaut Courtois
95%
4Gianluigi Buffon
81%
10Keylor Navas
81%
8Hugo Lloris
71%
7Marc-Andre ter Stegen
67%
3Jan Oblak
57%
9Gianluigi Donnarumma
33%
5Samir Handanovic
19%

Score Distribution

Percentile by Number Answered

Percent of People with Each Score

Your Score History

You have not taken this quiz